| 000 | 00792cab a2200229 4500 | ||
|---|---|---|---|
| 001 | WB2405-28 | ||
| 008 | 090401t1988 xxu||||| |||| 00| 0 eng d | ||
| 035 | _a(Sirsi) u25682 | ||
| 041 | _aeng | ||
| 245 | _aNew rules for solicitors | ||
| 260 | _c1988 | ||
| 350 | _a0 | ||
| 490 |
_aTimes _v26/1/88 p3 |
||
| 520 | _aOutlines proposals by the Law Society to enable solicitors to offer a one-stop package of services to house buyers. Also discusses a draft code which would allow solicitors to compete for business and to operate as limited or unlimited companies. | ||
| 650 | _aCONVEYANCING | ||
| 650 | _aESTATE AGENCY | ||
| 650 | _aHOUSE PURCHASE | ||
| 650 | _aINCORPORATION | ||
| 690 | _aMANAGEMENT-BUSINESS MANAGEMENT-PROFESSIONAL PRACTICE | ||
| 942 | _n0 | ||
| 948 | _c04/03/1997 | ||
| 999 |
_c17257 _d17257 |
||